1970 1756 1445 1003 1621 1154 1647 1654 1265 1461 1845 1212 1454 1977 1597 1659 1162 1487 1427 1516 1406 1641 1848 1125 1478 1585 1566 1311 1522 1148 1043 1684 1221 1814 1663 1697 1999 1122 1633 1960 1835 1433 1341 1421 1032 1982 1376 1281 1837 1246 1423 1568 1281 1267 1939 1024 1771 1173 1203 1976 1163 1310 1622 1137 1686 1958 1327 1530 1216 1522 1024 1928 1005 1908 1694 1443 1840 1397 1345 1920 1918 1139 1403 1854 1468 1774 1924 1287 1801 1137 1077 1352 1334 1379 1283 1710 1176 1446 1519 BCNSPRNW ULIB Ver.6.0+V

เปลี่ยนเป็นภาษาไทย

Change to English
 แสดงรายละเอียดบรรณานุกรม
  กลับหน้าหลัก

Brief Record : Get Marc (ISO 2709) : E-mail record : QR code < ปิดหน้าต่าง
LEADER : 00000nam 2200000uu 4500
001    13399111388
003     ULIB
008    110623s||||||||th 000 0 tha d
020    974940503X
050  4 BQ843^bช175ป 2549
245 00 ประวัติท่านพระอาจารย์มั่น ภูริทัตฺโต และมุตโตทัย /^cชมรมกัลยาณธรรม
250    พิมพ์ครั้งที่ 2
260    สมุทรปราการ :^bชมรมกัลยาณธรรม,^c2549
300    181 หน้า :^bภาพประกอบ ;^c18 ซม
600 07 พระมั่น ภูริทตฺโต,^d2413-2492
650  7 สงฆ์^zไทย^vชีวประวัติ
710 2  ชมรมกัลยาณธรรม
945    ^p0^l0^i020921
995    ทศพร
999 ^a ใช้งานได้ทุกระบบ
รายการนี้ยังไม่มีแท็ก
คุณยังไม่ได้ล็อกอิน คุณสามารถมีกิจกรรมร่วมกับเว็บไซต์ได้ แต่ต้องล็อกอินก่อน ::
  ล็อกอิน

รายการสื่อสารสนเทศ

ลำดับที่ ประเภท เลขเรียก/บาร์โค้ด สถานที่ สถานะ
- ไม่พบข้อมูล -

BibComment


ยังไม่เคยถูกคอมเมนท์

คอมเมนท์ทรัพยากรรายการนี้
  คอมเมนท์: ประวัติท่านพระอาจ..


 Copyright 2026. Bcnsprnw @Library